British Sweets and Chocolate #4 - Statistics

General Stats
  • This quiz has been taken 259 times
  • The average score is 9 of 14
Answer Stats
Clue Answer % Correct
Coconut in Chocolate Bounty
94%
Tops off a 99 Flake
91%
Chocolate Frog Cadbury Freddo
82%
Honeycomb Chocolate Bar Crunchie
81%
Sugar Newborns Jelly Babies
80%
Orange Flavoured Chocolate Terry's Chocolate Orange
80%
Sweet Salad Fruit Salad
69%
Honeycomb Balls Malteasers
67%
Used to be Called Opal Fruits Starburst
64%
More than Thousands Millions
59%
Hard gummies Maynard Wine Gums
55%
Chocolate Circles Cadbury Buttons
46%
Most Well Known Cadbury Dairy Milk
40%
Colourful Rice Rainbow Drops
31%
No matching quizzes found
Score Distribution
Percent of People with Each Score
Percentile by Number Answered
Your Score History
You have not taken this quiz